000 03692nam a2200349 c 4500
001 000001970
003 DO-SdBNP
005 20240229073830.0
008 090630s2005 dr d 000 0 spa d
020 _a9993425559
040 _aDO-SdBNP
_bspa
_cBNPHU
082 4 _a305.42
_bM671de
_222
245 0 0 _aMiradas desencadenantes :
_blos estudios de género en la República Dominicana al inicio del tercer milenio /
_ccompiladora, Ginetta E. B. Candelario ; prólogo, Lourdes Contrera ; revisión editorial Ángela Hernández ; coordinación Didiana Belliard.
260 _aSanto Domingo :
_bINTEC. Centro de Estudios de Género,
_c2005.
300 _a349 p. ;
_c23 cm.
500 _aIncluye índice.
504 _aIncluye referencias bibliográficas, notas al pie de las páginas.
505 0 _aSecc. 1. Historia. Familias, mujeres y servidumbres: "invisibilidades" visibles en la historia colonial dominicana/Dora Dávila -- El eco de su voz allende a los mares: la primera etapa en el pensamiento feminista dominicano / Ginetta E.B. Candelario -- La feminización de la matrícula universitaria / Lucero Quiroga -- Secc. 2. Pensamiento feminista. El derecho a los derechos y los derechos en el derecho / Lourdes Contreras -- Identidades esencialistas o construcción de identidades políticas: El dilema de las feministas / Ochy Curiel -- Sobre el feminismo hoy. A la búsqueda de un otro sentido del ser y el hacer feminista en este tiempo / Yuderkys Espinosa Miñoso -- Secc. 3. Masculinidad, violencia y salud. El sistema de derecho dominicano y la violencia de pareja / María Jesús Pola Z. (Susi) -- Juegos de guerra: el enfoque genérico-cultural de la respuesta al VIH-SIDA / E. Antonio de Moya -- La violación sexual en la región Nordeste de la República Dominicana : respuesta desde la administración de justicia, 1998-2000 / Iluminada González -- Falocentrismo, orquiectomía e identidad masculina en República Dominicana / Angel Pichardo Almonte --Secc. 4. Movimientos sociales y ciudadanía femenina. La mujer en las formas organizativas informales y formales de los barrios urbano-marginales de Santo Domingo / Tahira Vargas -- Género, turismo y desarrollo: estudio de caso en la Cordillera Central de la República Dominicana / Light Carruyo -- Género y transnacionalismo en la encrucijada de agendas locales y globales: de Nueva York a Villa Mella / Karin Weyland -- Género, discriminación racial y ciudadanía: un estudio en la escuela dominicana / Claudina Valdez --
505 0 _aSecc. 5. Participación política. Democracia y género en la República Dominicana / Rosario Espinal, Jonathan Hartlyn y Jana Morgan Kelly -- La representación política de las mujeres en la República Dominicana : obstáculos institucionales a su incorporación en los espacios de poder. Un análisis de las elecciones de 1998 y 2002 / Jacqueline Jiménez Polanco -- Mujer y participación política en la RD: el caso de la Región -- Fichas biográficas de las y los autorales.
590 _aInventariado, 2018/MFF
650 4 _aFeminismo
_zRepública Dominicana
_96393
650 4 _aMujeres en República Dominicana
_xAspectos sociales
_96394
650 4 _aDerechos de la mujer
_zRepública Dominicana
_92757
650 4 _aMujeres
_xSituación legal
_zRepública Dominicana
_96395
650 4 _aViolencia familiar
_zRepública Dominicana
_96396
700 1 _aCandelario, Ginetta E. B.,
_ecomp.
_96397
700 1 _aContreras, Lourdes,
_epról.
_92759
700 1 _aHernández, Ángela,
_d1954-
_ecoord.
_92564
710 _aInstituto Tecnologico de Santo Domingo.
_bCentro de Estudio del Género
_935512
910 _aValidado. Control de calidad MFF
942 _2ddc
_cLBS1
999 _c1836
_d1836